Fundamentals of manufacturing engineering / (Record no. 132283)

MARC details
000 -LEADER
fixed length control field 00750nam a22002537a 4500
005 - DATE AND TIME OF LATEST TRANSACTION
control field 20170124110152.0
010 ## - LIBRARY OF CONGRESS CONTROL NUMBER
LC control number B-024078
020 ## - INTERNATIONAL STANDARD BOOK NUMBER
Terms of availability 00.00
035 ## - SYSTEM CONTROL NUMBER
System control number B-024078
037 ## - SOURCE OF ACQUISITION
Source of stock number/acquisition Cen Lib/Ret
040 ## - CATALOGING SOURCE
Original cataloging agency DPL
Language of cataloging EN
082 ## - DEWEY DECIMAL CLASSIFICATION NUMBER
Classification number 670
Item number FUN
245 ## - TITLE STATEMENT
Title Fundamentals of manufacturing engineering /
Statement of responsibility, etc by V. M. Kovan...[et al.].; edited by V. S. Korsakov
250 ## - EDITION STATEMENT
Edition statement 3rd rev ed.
260 ## - PUBLICATION, DISTRIBUTION, ETC. (IMPRINT)
Place of publication, distribution, etc Moscow
Name of publisher, distributor, etc Mir Publishers
Date of publication, distribution, etc 1979
270 ## - ADDRESS
City Moscow
300 ## - PHYSICAL DESCRIPTION
Extent 422p. :
Dimensions 22cm(Hb)
Other physical details ill.
500 ## - GENERAL NOTE
General note Includes bibliographical references<br/><br/>
650 ## - SUBJECT ADDED ENTRY--TOPICAL TERM
Topical term or geographic name as entry element Machine-shop practice
9 (RLIN) 31493
650 ## - SUBJECT ADDED ENTRY--TOPICAL TERM
Topical term or geographic name as entry element Manufacture
9 (RLIN) 34217
700 ## - ADDED ENTRY--PERSONAL NAME
Personal name Kovan, V. M
9 (RLIN) 34218
700 ## - ADDED ENTRY--PERSONAL NAME
Personal name Korsakov, V. S.
9 (RLIN) 34219
942 ## - ADDED ENTRY ELEMENTS (KOHA)
Source of classification or shelving scheme Dewey Decimal Classification
Koha item type English Books
Classification part 670
Call number suffix FUN
Holdings
Withdrawn status Lost status Damaged status Not for loan Home library Current library Date acquired Source of acquisition Cost, normal purchase price Total Checkouts Full call number Barcode Date last seen Copy number Cost, replacement price Price effective from Koha item type Public note
Written off       Central Library Central Library 21/07/2015 Cen Lib/Ret 0.00   670 FUN B-024078 21/07/2015 1 0.00 21/07/2015 English Books Written off on approval by DLB (By Circulation); dtd 15-06-2023

© Delhi Public Library
Hit Counter
free hit counter